Quiz di cultura generale #23 - Statistics

Statistiche generali
  • Questo quiz è stato fatto 1.408 volte
  • Il punteggio medio è 13 su 20
Statistiche sulle risposte
DOMANDA RISPOSTA % Corretto
Secondo il proverbio, quale città NON è stata costruita in un giorno? Roma
96%
Fiume che scorre parallelamente all'Eufrate Tigri
96%
Qual è l'animale terrestre più veloce? Ghepardo
94%
Quanto fa 6+5*4+2*3+1? 33
90%
Qual è l'unico stato in cui vivono i panda giganti? Cina
89%
Chi viene eletto nel Conclave? Papa
84%
Elemento più comune nell'atmosfera terrestre Azoto
83%
Un cinofobo ha paura dei... Cani
77%
Santo patrono irlandese Patrizio
76%
Qual è stato il primo presidente repubblicano degli Usa (famoso per il suo cappello)? Lincoln
70%
Regione dove si trova il Monferrato Piemonte
68%
Scrittore de "Il ritratto di Dorian Gray" Wilde/Oscar Wilde
66%
Mare che bagna l'Eritrea Rosso/Mar Rosso
63%
Condimento chiamato rafano giapponese Wasabi
47%
Oltre a Gerusalemme, quale città biblica inizia per Ger? Gerico
46%
Ultimo zar di Russia Nicola II
43%
Quale nazione asiatica ha preso il nome da un re spagnolo? Filippine
39%
Chi governa in una gerontocrazia? Anziani/Vecchi
38%
Capitale europea in cui si svolsero le Olimpiadi nel 1980 Mosca
35%
La corrente artistica del pittore René Magritte Surrealismo
30%
Nessun quiz corrispondente trovato
Distribuzione punteggi
Percentuale di utenti per punteggio
Percentile per numero di risposta
I tuoi punteggi nel tempo
Non hai fatto questo quiz